Signal processing and linear systems (Record no. 1319)

000 -LEADER
fixed length control field 00543nam a2200205 a 4500
001 - CONTROL NUMBER
control field 1319
003 - CONTROL NUMBER IDENTIFIER
control field BD-DhUET
008 - FIXED-LENGTH DATA ELEMENTS--GENERAL INFORMATION
fixed length control field 980109s1998 caua b 001 0 eng
020 ## - INTERNATIONAL STANDARD BOOK NUMBER
International Standard Book Number 0941413357
040 ## - CATALOGING SOURCE
Original cataloging agency DLC
Transcribing agency DLC
Modifying agency BD-DhUET
082 00 - DEWEY DECIMAL CLASSIFICATION NUMBER
Classification number 623.22
Item number LAT/1998
100 ## - MAIN ENTRY--PERSONAL NAME
Personal name Lathi B. P.
245 10 - TITLE STATEMENT
Title Signal processing and linear systems
250 ## - EDITION STATEMENT
Edition statement 1st ed
260 ## - PUBLICATION, DISTRIBUTION, ETC. (IMPRINT)
Place of publication, distribution, etc. New York
Name of publisher, distributor, etc. Oxford University Press
Date of publication, distribution, etc. 1998
300 ## - PHYSICAL DESCRIPTION
Extent x, 850 p.
Other physical details ill.
Dimensions 24 cm.
504 ## - BIBLIOGRAPHY, ETC. NOTE
Bibliography, etc Includes bibliographies
650 #0 - SUBJECT ADDED ENTRY--TOPICAL TERM
Topical term or geographic name as entry element Digital signal processing
942 ## - ADDED ENTRY ELEMENTS (KOHA)
Koha item type General Book
Holdings
Koha full call number Shelving location Piece designation (barcode) Location (home branch) Koha date last seen Koha item type Koha issues (times borrowed) Koha date last borrowed Sublocation or collection (holding branch) Koha normalized classification for sorting Withdrawn status Date acquired Source of classification or shelving scheme Koha renewals Price effective from Damaged status Not for loan Copy number Lost status
623.22/LAT/1998Circulation section103856Central Library, BUET2019-09-14General Book  Central Library, BUET623_000000000000000_22LAT1998 2014-09-03 22014-09-03  1 
623.22/LAT/1998Circulation section103857Central Library, BUET2014-09-03General Book  Central Library, BUET623_000000000000000_22LAT1998 2014-09-03  2014-09-03  2 
623.22/LAT/1998Circulation section103859Central Library, BUET2017-08-19General Book12015-06-13Central Library, BUET623_220000000000000_LAT_1998 2014-09-03  2014-09-03  3 
623.22/LAT/1998Circulation section103860Central Library, BUET2017-01-08General Book12015-10-20Central Library, BUET623_000000000000000_22LAT1998 2014-09-03  2014-09-03  4 
623.22/LAT/1998Circulation section103863Central Library, BUET2017-04-11General Book12015-05-25Central Library, BUET623_000000000000000_22LAT1998 2014-09-03  2014-09-03  5 
623.22/LAT/1998Circulation section103864Central Library, BUET2017-06-13General Book12015-05-25Central Library, BUET623_000000000000000_22LAT1998 2014-09-03  2014-09-03  6 
623.22/LAT/1998Circulation section103865Central Library, BUET2017-08-20General Book  Central Library, BUET623_000000000000000_22LAT1998 2014-09-03  2014-09-03  7 
623.22/LAT/1998Circulation section103858Central Library, BUET2017-10-10General Book  Central Library, BUET623_000000000000000_22LAT1998 2014-11-18  2014-11-18  8 
623.22 LAT/1998Circulation section103861Central Library, BUET2017-05-31General Book12017-04-18Central Library, BUET623_220000000000000_LAT1998 2014-12-02  2014-12-02  9 
623.22/LAT/1998Circulation section100035Central Library, BUET2017-02-06General Book  Central Library, BUET623_220000000000000_LAT_1998 2015-06-03 22015-06-03  10 
623.22/LAT/1998Circulation section103862Central Library, BUET2025-09-17General Book22025-09-07Central Library, BUET623_220000000000000_LAT_1998 2007-05-28  2017-10-31  11